1951-2003, 52 yıllık süreçte Ajans-Türk (Record no. 5135)

MARC details
000 -BAŞLIK
Sabit Uzunlukta Kontrol Alanı 01141na a2200301 4500
001 - KONTROL NUMARASI
Denetim Alanı 16444
003 - KONTROL NUMARASI IDENTIFIER
Denetim Alanı MIRAKIL
005 - SON İŞLEM TARİHİ VE ZAMANI
Denetim Alanı 20181213155028.0
008 - SABİT-BOY VERİ ELEMANLARI - GENEL BİLGİLER
Sabit Uzunlukta Kontrol Alanı 161008b tu 000 0
035 ## - SİSTEM KONTROL NUMARASI
Sistem Kontrol Numarası 16444
040 ## - KATALOGLAMA KAYNAK
Orijinal Kataloglama Ajansı Milas
Kataloglama Dili tur
Metne Dönüştürmek Ajansı TR-AnCHP
041 ## - DİL KODU
Metin / Ses Parça Veya Ayrı Başlığın Dil Kodu tur
082 ## - DEWEY ONLU SINIFLANDIRMA NUMARASI
Sınıflandırma Numarası 920.5 Evliyagil,N.
Ürün Numarası A42b 2003
090 ## - SINIFLAMA NUMARASI
Sınıflama Numarası 920.5 Evliyagil,N. A42b 2003
110 ## - ANA GİRİŞ - KURUMSAL ADI
Giriş Elemanı Olarak Kurumsal Ad Veya Yargı Alanı Adı Ajans-Türk
245 ## - BAŞLIK TABLOSU
Başlık 1951-2003, 52 yıllık süreçte Ajans-Türk
Başlığın Kalan Şevket ve Necdet Evliyagil kardeşlerin yaşamöyküsü
Sorumluluk Tablosu, Vb Ajans-Türk
246 ## - UNVAN FORM VARYING
Başlık Doğru / Kısa Başlığı Şevket ve Necdet Evliyagil kardeşlerin yaşamöyküsü
260 ## - YAYIN, DAĞITIM, VB
Yayın, Dağıtım, Vb Yeri Ankara
Yayıncı, Dağıtıcı, Vs Adı Ajans-Türk
Yayın, Dağıtım, Vb Tarihi 2003
300 ## - FİZİKSEL TANIM
Kapsam 180 s.
Diğer Fiziksel Ayrıntıları fotğ.
Boyutlar 30 sm.
500 ## - GENEL NOT
Genel Not Yapıt Şevket Evliyagil tarafından imzalanmıştır.
500 ## - GENEL NOT
Genel Not Yapıt adı başında: Çağdaş Türk basımcılığının önderi basın ve basım kurumu A.Ş'nin 52 yılı
600 ## - KONU KATMA GİRİŞ - KURUMSAL ADI
Kişisel Ad Evliyagil, Necdet
Bir Adıyla İlişkilendirilen Tarihler 1927-1992
Genel Alt Bölümü Yaşamöyküsü
600 ## - KONU KATMA GİRİŞ - KURUMSAL ADI
Kişisel Ad Evliyagil, Şevket
Bir Adıyla İlişkilendirilen Tarihler -2014
Genel Alt Bölümü Yaşamöyküsü
610 ## - KONU KATMA GİRİŞ - TOPLANTI ADI
Giriş Elemanı Olarak Kurumsal Ad Veya Yargı Alanı Adı Ajans-Türk
Genel Alt Bölüm Kuruluş öyküsü
650 ## - KONU KATMA GİRİŞ - TOPİKAL DÖNEM
Topikal Süreli Veya Coğrafi Ad Giriş Elemanı Haber ajansları
Genel Alt Bölümü Tarih
650 ## - KONU KATMA GİRİŞ - TOPİKAL DÖNEM
Topikal Süreli Veya Coğrafi Ad Giriş Elemanı Gazetecilik
Genel Alt Bölümü Ajanslar
Coğrafi Alt Bölümü Türkiye
942 ## - EKLENDİ GİRİŞ ELEMANLARI (KOHA)
Sınıflandırma Veya Raf Düzeni Kaynak
Koha Öğesi Türü Books
999 ## - SİSTEM KONTROL NUMARALARI (KOHA)
Koha Biblionumber 5135
Koha Biblioitemnumber 5135
Holdings
Kalıcı Konum Mevcut Konum Edinme Tarihi Edinim Kaynak Toplam Check-Out'Lar Tam Çağrı Numarası Barkod Tarih Son Görülme İtibaren Geçerli Fiyatlar Koha Öğesi Türü
CHP Kütüphanesi CHP Kütüphanesi 10/06/2016 Bağış   920.5 Evliyagil,N. A42b 2003 005685 10/06/2016 10/06/2016 Books